Diagnóstico y tratamiento de la hipertension arterial en situaciones especiales / (Registro nro. 22312)

Detalles MARC
000 -LEADER
fixed length control field 01210nam a2200313 4500
001 - CONTROL NUMBER
control field 0000019753
003 - CONTROL NUMBER IDENTIFIER
control field CO-CtgCURN
005 - DATE AND TIME OF LATEST TRANSACTION
control field 20250331185202.0
007 - PHYSICAL DESCRIPTION FIXED FIELD--GENERAL INFORMATION
fixed length control field ta
008 - FIXED-LENGTH DATA ELEMENTS--GENERAL INFORMATION
fixed length control field 160627s2000 000 0 eng d
020 ## - INTERNATIONAL STANDARD BOOK NUMBER
International Standard Book Number 8445809717
040 ## - CATALOGING SOURCE
Original cataloging agency CO-CtgCURN
Language of cataloging spa
Transcribing agency coctgcurn
082 0# - DEWEY DECIMAL CLASSIFICATION NUMBER
Classification number 616.132
Item number M17d
100 1# - MAIN ENTRY--PERSONAL NAME
Personal name Cordoba García, Rodrigo.
245 10 - TITLE STATEMENT
Title Diagnóstico y tratamiento de la hipertension arterial en situaciones especiales /
Statement of responsibility, etc. Rodrigo Cordoba García , Amando Martin Zurro, Josep María Argimon Pallas, Josep Jiménez Villa.
260 ## - PUBLICATION, DISTRIBUTION, ETC.
Place of publication, distribution, etc. Madrid :
Name of publisher, distributor, etc. Masson,
Date of publication, distribution, etc. 2000.
300 ## - PHYSICAL DESCRIPTION
Extent 174 p.
336 ## - CONTENT TYPE
Source rdacontent
337 ## - MEDIA TYPE
Source rdamedia
Media type term sin mediacion
Media type code n
338 ## - CARRIER TYPE
Source rdacarrier
Carrier type term volumen
Carrier type code nc
500 ## - GENERAL NOTE
General note Incluye indice.
504 ## - BIBLIOGRAPHY, ETC. NOTE
Bibliography, etc. note Bibliografia (p. 173-174)
505 8# - FORMATTED CONTENTS NOTE
Formatted contents note Hipertension arterial.--Hipertension en el paciente anciano.--Hipertension arterial y enfermedad cardivascular.--Hipertension arterial y dislipemia.--Miscelanea
650 14 - SUBJECT ADDED ENTRY--TOPICAL TERM
Topical term or geographic name entry element Hipertension arterial
Form subdivision Preguntas y respuestas.
700 1# - ADDED ENTRY--PERSONAL NAME
Personal name Martin Zurro, Amando.
908 ## - PUT COMMAND PARAMETER (RLIN)
Put command parameter 160627
942 ## - ADDED ENTRY ELEMENTS (KOHA)
Koha item type Libros
Classification part 616.132
Item part M17d
Source of classification or shelving scheme Dewey Decimal Classification
Existencias
Withdrawn status Lost status Source of classification or shelving scheme Damaged status Not for loan Collection Home library Current library Shelving location Date acquired Inventory number Total checkouts Full call number Barcode Date last seen Price effective from Koha item type Public note
    Dewey Decimal Classification     General Miguel Henríquez Emiliani Miguel Henríquez Emiliani General 03/31/2025 009045   616.132 M17d 009045 03/31/2025 03/31/2025 Libros 610-CIENME